[Event "Olympiad Women-40"]
[Site "Istanbul"]
[Date "2012.09.09"]
[Round "11.4"]
[White "Jorgensen, Carina Eilegaard"]
[Black "Garcia Mendez, Alcira Guadalupe"]
[Result "1-0"]
[WhiteElo "2012"]
[BlackElo "1782"]
[PlyCount "83"]
[EventDate "2012.08.28"]
[EventType "team-swiss"]
[EventRounds "11"]
[EventCountry "TUR"]
[SourceTitle "CBM 150 Extra"]
[Source "ChessBase"]
[SourceDate "2012.10.19"]
[SourceVersion "1"]
[SourceVersionDate "2012.10.19"]
[SourceQuality "1"]
[WhiteTeam "Denmark (W)"]
[BlackTeam "El Salvador (W)"]
[WhiteTeamCountry "DEN"]
[BlackTeamCountry "ESA"]

1. c4 c5 2. g3 Nf6 3. Bg2 d5 4. cxd5 Nxd5 5. Nc3 Nxc3 6. bxc3 e5 7. d3 Nc6 8. Nf3 Bd6 9. 0-0 0-0 10. Ng5 Qc7 11. Ne4 Be7 12. f4 f5 13. Ng5 h6 14. Qb3+ Kh8 15. Ne6 Bxe6 16. Qxe6 Rf6 17. Qb3 Bd6 18. fxe5 Bxe5 19. Bf4 b6 20. e4 fxe4 21. Bxe5 Qxe5 22. Rxf6 Qxf6 23. Rf1 Qd6 24. Bxe4 Rd8 25. Qf7 Ne5 26. Qf5 g6 27. Qf6+ Qxf6 28. Rxf6 Kg7 29. Re6 Nxd3 30. Rxg6+ Kf7 31. Rxh6 c4 32. Rh7+ Ke6 33. Rxa7 Nc5 34. Bh7 b5 35. Ra5 Rb8 36. Bc2 Nd3 37. a3 Ke5 38. a4 Ke4 39. Rxb5 Rf8 40. Rc5 Ke3 41. Rxc4 Ne1 42. Bd1 1-0

[Event "Olympiad Women-40"]
[Site "Istanbul"]
[Date "2012.09.03"]
[Round "6.4"]
[White "De Rosa, Mariagrazia"]
[Black "Jorgensen, Carina Eilegaard"]
[Result "1-0"]
[WhiteElo "2087"]
[BlackElo "2012"]
[PlyCount "111"]
[EventDate "2012.08.28"]
[EventType "team-swiss"]
[EventRounds "11"]
[EventCountry "TUR"]
[SourceTitle "CBM 150 Extra"]
[Source "ChessBase"]
[SourceDate "2012.10.19"]
[SourceVersion "1"]
[SourceVersionDate "2012.10.19"]
[SourceQuality "1"]
[WhiteTeam "Italy (W)"]
[BlackTeam "Denmark (W)"]
[WhiteTeamCountry "ITA"]
[BlackTeamCountry "DEN"]

1. e4 d6 2. d4 Nf6 3. Nc3 g6 4. Nf3 Bg7 5. Be2 0-0 6. 0-0 c6 7. a4 Nbd7 8. h3 e5 9. dxe5 dxe5 10. Be3 Qe7 11. Qd3 b6 12. Qc4 Bb7 13. Rfd1 a6 14. Qd3 Nc5 15. Qc4 Nfd7 16. b4 Ne6 17. a5 b5 18. Qd3 Rfd8 19. Qd6 Qxd6 20. Rxd6 Bf8 21. Rxd7 Rxd7 22. Nxe5 Rdd8 23. Nd3 Rxd3 24. Bxd3 Bxb4 25. Ne2 Nc5 26. c3 Nxd3 27. cxb4 Nxb4 28. Rd1 c5 29. Bxc5 Nc2 30. f3 Rc8 31. Bb6 b4 32. Nd4 Na3 33. Nb3 Bc6 34. Nc5 Bb5 35. Kf2 Bc4 36. Rc1 Ra8 37. Nd7 b3 38. Bd4 Rd8 39. Nf6+ Kg7 40. Nd5+ Kh6 41. Bb2 Nc2 42. Rd1 f5 43. g4 Rd6 44. h4 fxg4 45. fxg4 Bxd5 46. Rxd5 Rxd5 47. exd5 g5 48. d6 Nb4 49. d7 Nc6 50. h5 Nd8 51. Ke3 Ne6 52. Ke2 Nd8 53. Kd1 Ne6 54. Bf6 Nd4 55. d8Q b2 56. Qf8# 1-0

[Event "Politiken Cup 34th"]
[Site "Helsingor"]
[Date "2012.07.29"]
[Round "3"]
[White "Jorgensen, Carina Eilegaard"]
[Black "Starostits, Ilmars"]
[Result "0-1"]
[WhiteElo "2039"]
[BlackElo "2494"]
[PlyCount "66"]
[EventDate "2012.07.28"]
[EventType "swiss"]
[EventRounds "10"]
[EventCountry "DEN"]
[SourceTitle "CBM 149 Extra"]
[Source "ChessBase"]
[SourceDate "2012.08.24"]
[SourceVersion "1"]
[SourceVersionDate "2012.08.24"]
[SourceQuality "1"]

1. c4 e5 2. g3 Nc6 3. Bg2 g6 4. Nc3 Bg7 5. Nf3 f5 6. 0-0 d6 7. d3 Nge7 8. Ne1 0-0 9. f4 Be6 10. Nd5 Bf7 11. Nc2 Qd7 12. Rb1 Nxd5 13. cxd5 Ne7 14. e4 c6 15. dxc6 bxc6 16. b3 a5 17. Na3 d5 18. fxe5 Bxe5 19. Kh1 Be6 20. d4 Bg7 21. e5 h6 22. h4 Rac8 23. Re1 f4 24. Bxf4 Nf5 25. Qd2 Qf7 26. Rf1 g5 27. hxg5 hxg5 28. Bxg5 Nxg3+ 29. Kg1 Nxf1 30. Rxf1 Qh5 31. Bf4 Rf7 32. Nc2 Rcf8 33. Ne1 Qg4 0-1

[Event "Aarhus Chess House (Women)"]
[Site "Aarhus"]
[Date "2012.07.15"]
[Round "9"]
[White "Jorgensen, Carina Eilegaard"]
[Black "Krasenkova, Ilena"]
[Result "1-0"]
[WhiteElo "2039"]
[BlackElo "2132"]
[PlyCount "139"]
[EventDate "2012.07.07"]
[EventType "tourn"]
[EventRounds "9"]
[EventCountry "DEN"]
[SourceTitle "CBM 149 Extra"]
[Source "ChessBase"]
[SourceDate "2012.08.24"]
[SourceVersion "1"]
[SourceVersionDate "2012.08.24"]
[SourceQuality "1"]

1. d4 Nf6 2. c4 g6 3. Nc3 d5 4. Qb3 dxc4 5. Qxc4 Bg7 6. Nf3 c6 7. e4 0-0 8. Be2 b5 9. Qd3 b4 10. Na4 Qa5 11. b3 Nfd7 12. Nb2 Ba6 13. Nc4 Qc7 14. Bb2 Rd8 15. 0-0 c5 16. Qc2 cxd4 17. Bxd4 Bxd4 18. Nxd4 Nc5 19. Rfd1 Nbd7 20. Rac1 Rac8 21. Ne3 Bxe2 22. Qxe2 Nf6 23. f3 Qf4 24. g3 Qb8 25. Nc4 e5 26. Nc2 Ne6 27. Qe1 a5 28. Kg2 Nc5 29. Rxd8+ Rxd8 30. Rd1 Rxd1 31. Qxd1 a4 32. bxa4 b3 33. Qb1 Qd8 34. N2e3 bxa2 35. Qxa2 Qd4 36. a5 Na6 37. Qb2 Qxb2+ 38. Nxb2 Nd7 39. Nd3 f6 40. Nd5 Kf7 41. N3b4 Ndc5 42. Nxa6 Nxa6 43. Kf2 Ke6 44. Ke3 f5 45. Kd3 Kd6 46. Kc4 fxe4 47. fxe4 Nc5 48. Kb5 Nxe4 49. a6 Kxd5 50. a7 Nd6+ 51. Kb4 e4 52. a8Q+ Ke5 53. Qh8+ Kd5 54. Qxh7 e3 55. Qxg6 Ne4 56. Qh5+ Kd4 57. Qd1+ Nd2 58. h4 Kd3 59. Qc1 Ke2 60. h5 Ne4 61. h6 Ng5 62. Qc5 Ne4 63. Qc4+ Kf3 64. h7 Nxg3 65. h8Q e2 66. Qf6+ Kg2 67. Qcc3 Kh3 68. Qf5+ Kh2 69. Qf2+ Kh1 70. Qcxg3 1-0

[Event "Aarhus Chess House (Women)"]
[Site "Aarhus"]
[Date "2012.07.10"]
[Round "4"]
[White "Zhang, Fan"]
[Black "Jorgensen, Carina Eilegaard"]
[Result "1-0"]
[WhiteElo "2087"]
[BlackElo "2039"]
[PlyCount "87"]
[EventDate "2012.07.07"]
[EventType "tourn"]
[EventRounds "9"]
[EventCountry "DEN"]
[SourceTitle "CBM 149 Extra"]
[Source "ChessBase"]
[SourceDate "2012.08.24"]
[SourceVersion "1"]
[SourceVersionDate "2012.08.24"]
[SourceQuality "1"]

1. d4 Nf6 2. Nf3 e6 3. Bg5 c5 4. c3 b6 5. e3 Bb7 6. Nbd2 h6 7. Bh4 Be7 8. h3 0-0 9. Bd3 d5 10. 0-0 Ba6 11. Bxa6 Nxa6 12. Ne5 Qc7 13. Ndf3 Qb7 14. Re1 b5 15. dxc5 Nxc5 16. Nd4 g5 17. Bg3 Nfe4 18. Bh2 Bd6 19. Qe2 a6 20. Rad1 Rac8 21. a3 Qc7 22. Ng4 Kg7 23. Bxd6 Qxd6 24. Nh2 f5 25. Qc2 f4 26. f3 Ng3 27. exf4 Rxf4 28. b4 e5 29. bxc5 Qxc5 30. Qf2 exd4 31. cxd4 Qxa3 32. Qxg3 Rc2 33. h4 Kg6 34. hxg5 hxg5 35. Re6+ Kf7 36. Qxg5 Kxe6 37. Qxf4 Qa2 38. Re1+ Re2 39. Qh6+ Ke7 40. Qg7+ Kd6 41. Qf6+ Kd7 42. Qg7+ Kd8 43. Rc1 Re7 44. Qf8+ 1-0

[Event "Copenhagen Challenge"]
[Site "Ballerup"]
[Date "2012.05.04"]
[Round "5"]
[White "Jorgensen, Carina Eilegaard"]
[Black "Skovle, Lars"]
[Result "1-0"]
[WhiteElo "2028"]
[BlackElo "1621"]
[PlyCount "41"]
[EventDate "2012.05.02"]
[EventType "swiss"]
[EventRounds "9"]
[EventCountry "DEN"]
[SourceTitle "CBM 148 Extra"]
[Source "ChessBase"]
[SourceDate "2012.06.22"]
[SourceVersion "1"]
[SourceVersionDate "2012.06.22"]
[SourceQuality "1"]

1. c4 f5 2. d4 Nf6 3. Nc3 g6 4. g3 Bg7 5. Bg2 0-0 6. Nf3 d6 7. 0-0 c6 8. Qc2 Qe8 9. d5 e5 10. dxe6 Bxe6 11. b3 d5 12. Ba3 dxc4 13. Bxf8 cxb3 14. axb3 Qxf8 15. Ng5 Bd5 16. Nxd5 Nxd5 17. Ne6 Qf7 18. Nxg7 Kxg7 19. Rfd1 Na6 20. Rxa6 bxa6 21. Qxc6 1-0

[Event "Politiken Cup 33rd"]
[Site "Helsingor"]
[Date "2011.08.02"]
[Round "5"]
[White "Jorgensen, Carina Eilegaard"]
[Black "Hansen, Mads"]
[Result "0-1"]
[WhiteElo "2030"]
[BlackElo "2224"]
[PlyCount "62"]
[EventDate "2011.07.30"]
[EventType "swiss"]
[EventRounds "10"]
[EventCountry "DEN"]
[SourceTitle "CBM 143 Extra"]
[Source "ChessBase"]
[SourceDate "2011.08.29"]
[SourceVersion "1"]
[SourceVersionDate "2011.08.29"]
[SourceQuality "1"]

1. d4 Nf6 2. c4 e6 3. Nf3 c5 4. d5 b5 5. Nc3 b4 6. Nb1 exd5 7. cxd5 Bb7 8. d6 Qb6 9. Bf4 Nh5 10. Be5 f6 11. Qb3 fxe5 12. Nxe5 Nf6 13. Nd2 Bd5 14. Ndc4 Qa6 15. Qe3 Be6 16. Qxc5 Ne4 17. Qxb4 Nxd6 18. Nxd6+ Bxd6 19. Qc3 0-0 20. e3 Qb7 21. a3 Na6 22. f3 Nc5 23. Bc4 Bxe5 24. Bxe6+ dxe6 25. Qxc5 Bxb2 26. Rd1 Rac8 27. Qd6 Bc3+ 28. Kf2 Qb2+ 29. Kf1 Qa2 30. Rg1 Ba5 31. e4 Rcd8 0-1

[Event "Politiken Cup 33rd"]
[Site "Helsingor"]
[Date "2011.07.30"]
[Round "1"]
[White "Jorgensen, Carina Eilegaard"]
[Black "Ostby, Martin Bergsjo"]
[Result "1-0"]
[WhiteElo "2030"]
[BlackElo "1288"]
[PlyCount "115"]
[EventDate "2011.07.30"]
[EventType "swiss"]
[EventRounds "10"]
[EventCountry "DEN"]
[SourceTitle "CBM 143 Extra"]
[Source "ChessBase"]
[SourceDate "2011.08.29"]
[SourceVersion "1"]
[SourceVersionDate "2011.08.29"]
[SourceQuality "1"]

1. d4 d5 2. c4 e6 3. Nf3 Nf6 4. Bg5 c6 5. Nc3 Bb4 6. Qc2 h6 7. Bh4 b6 8. e3 Ba6 9. Ne5 dxc4 10. Be2 Be7 11. Nxc4 0-0 12. 0-0 Nbd7 13. e4 c5 14. Rfd1 Qc7 15. Bg3 Qb7 16. Bd6 Bxc4 17. Bxe7 Bxe2 18. Qxe2 Rfe8 19. Bd6 e5 20. dxe5 Nxe5 21. g3 Ng6 22. e5 Nd7 23. f4 Ne7 24. Bxe7 Rxe7 25. Nb5 a6 26. Nd6 Qc6 27. Qg4 Re6 28. Nf5 g6 29. Nxh6+ Kg7 30. Nf5+ Kf8 31. Nd6 Kg7 32. Qg5 Rh8 33. Nf5+ Kf8 34. Qd8+ Re8 35. Qxd7 Qxd7 36. Rxd7 gxf5 37. Rad1 Re6 38. Rd8+ Kg7 39. Rxh8 Kxh8 40. Rd6 Kg7 41. Rxe6 fxe6 42. Kf2 Kg6 43. h4 b5 44. Ke3 a5 45. b3 Kh5 46. Kd3 Kg4 47. a4 b4 48. Kc4 Kxg3 49. h5 Kxf4 50. h6 Ke3 51. h7 f4 52. h8Q f3 53. Qh7 Ke2 54. Qd3+ Kf2 55. Kxc5 Kg2 56. Qe4 Kg3 57. Kd6 f2 58. Qh1 1-0

[Event "Politiken Cup 32nd"]
[Site "Copenhagen"]
[Date "2010.08.03"]
[Round "5"]
[White "Rasmussen, Morten"]
[Black "Jorgensen, Carina Eilegaard"]
[Result "0-1"]
[WhiteElo "1869"]
[BlackElo "2038"]
[PlyCount "44"]
[EventDate "2010.07.31"]
[EventType "swiss"]
[EventRounds "10"]
[EventCountry "DEN"]
[SourceTitle "CBM 137 Extra"]
[Source "ChessBase"]
[SourceDate "2010.09.01"]
[SourceVersion "1"]
[SourceVersionDate "2010.09.01"]
[SourceQuality "1"]

1. d4 Nf6 2. c4 e6 3. g3 c5 4. Nf3 b6 5. Bg2 Bb7 6. d5 exd5 7. Nh4 g6 8. Nc3 Bg7 9. cxd5 0-0 10. 0-0 Na6 11. e4 d6 12. Be3 Re8 13. a4 Nb4 14. f4 Ba6 15. Rf2 Bd3 16. f5 Nxe4 17. Bxe4 Bxe4 18. fxg6 fxg6 19. Nxe4 Rxe4 20. Qf3 Qe8 21. Ng2 Nxd5 22. Re1 Nb4 0-1

[Event "Politiken Cup 31st"]
[Site "Helsingor"]
[Date "2009.07.26"]
[Round "10"]
[White "Jorgensen, Carina Eilegaard"]
[Black "Scherwin, Claes"]
[Result "1-0"]
[WhiteElo "2013"]
[BlackElo "1868"]
[PlyCount "103"]
[EventDate "2009.07.18"]
[EventType "swiss"]
[EventRounds "10"]
[EventCountry "DEN"]
[SourceTitle "CBM 131 Extra"]
[Source "ChessBase"]
[SourceDate "2009.09.03"]
[SourceVersion "2"]
[SourceVersionDate "2009.09.16"]
[SourceQuality "1"]

1. d4 Nf6 2. c4 e6 3. Nf3 b6 4. g3 Bb7 5. Bg2 Be7 6. 0-0 0-0 7. Nc3 Ne4 8. Qc2 Nxc3 9. Qxc3 f5 10. Be3 Bf6 11. Rad1 d6 12. Qd2 Nd7 13. Bg5 Qe7 14. Bxf6 Qxf6 15. b4 f4 16. a3 g5 17. d5 Ne5 18. Qc3 Nxf3+ 19. Qxf3 fxg3 20. hxg3 Qxf3 21. Bxf3 e5 22. Rc1 a5 23. c5 axb4 24. axb4 bxc5 25. bxc5 Ra5 26. c6 Ba6 27. Ra1 Rxa1 28. Rxa1 Bc4 29. Ra4 g4 30. Bxg4 Bxd5 31. Bd7 Rb8 32. e4 Bb3 33. Ra7 Bd1 34. Rxc7 Bf3 35. Rc8+ Rxc8 36. Bxc8 Bxe4 37. Be6+ Kf8 38. c7 Bb7 39. c8Q+ Bxc8 40. Bxc8 d5 41. Bb7 d4 42. Kg2 Ke7 43. Kf3 Kf6 44. Ke4 Ke6 45. Bd5+ Kf6 46. Bc4 h6 47. Bd5 Kg5 48. Bc4 Kf6 49. Bb3 h5 50. Bd1 d3 51. Bxh5 Kg5 52. Bd1 1-0

[Event "Politiken Cup 31st"]
[Site "Helsingor"]
[Date "2009.07.21"]
[Round "5"]
[White "Larsen, Karsten"]
[Black "Jorgensen, Carina Eilegaard"]
[Result "1-0"]
[WhiteElo "2337"]
[BlackElo "2013"]
[PlyCount "55"]
[EventDate "2009.07.18"]
[EventType "swiss"]
[EventRounds "10"]
[EventCountry "DEN"]
[SourceTitle "CBM 131 Extra"]
[Source "ChessBase"]
[SourceDate "2009.09.03"]
[SourceVersion "2"]
[SourceVersionDate "2009.09.16"]
[SourceQuality "1"]

1. e4 c6 2. d4 d5 3. e5 Bf5 4. c4 e6 5. Nc3 Ne7 6. Nf3 dxc4 7. Bxc4 Nd5 8. 0-0 Nd7 9. Qe2 N7b6 10. Bb3 Be7 11. Ne4 Qc7 12. Bd2 Nd7 13. Rac1 0-0-0 14. Nc3 Nxc3 15. bxc3 Nb6 16. c4 c5 17. Ba5 Bg4 18. d5 Bg5 19. Rc3 Rhe8 20. d6 Qc6 21. Bc2 f6 22. Be4 Qa4 23. Bxb6 axb6 24. Qb2 Qb4 25. Rb3 Qxc4 26. Nxg5 fxg5 27. f3 Bf5 28. Rc1 1-0

[Event "Politiken Cup 31st"]
[Site "Helsingor"]
[Date "2009.07.19"]
[Round "2"]
[White "Jorgensen, Carina Eilegaard"]
[Black "Lindberg, Henrik"]
[Result "0-1"]
[WhiteElo "2013"]
[BlackElo "2240"]
[PlyCount "44"]
[EventDate "2009.07.18"]
[EventType "swiss"]
[EventRounds "10"]
[EventCountry "DEN"]
[SourceTitle "CBM 131 Extra"]
[Source "ChessBase"]
[SourceDate "2009.09.03"]
[SourceVersion "2"]
[SourceVersionDate "2009.09.16"]
[SourceQuality "1"]

1. d4 Nf6 2. c4 e6 3. Nf3 b6 4. g3 Bb7 5. Bg2 Be7 6. 0-0 0-0 7. Nc3 Ne4 8. Qc2 Nxc3 9. bxc3 f5 10. Ne5 Bxg2 11. Kxg2 Bd6 12. Nf3 Nc6 13. a4 Qf6 14. Ba3 Bxa3 15. Rxa3 g5 16. Nd2 e5 17. d5 Na5 18. Qd3 Rae8 19. e4 f4 20. g4 f3+ 21. Nxf3 Nxc4 22. Rb3 Qxf3+ 0-1

[Event "Dos Hermanas Internet qual-A 10th"]
[Site "ICC INT"]
[Date "2009.03.13"]
[Round "8"]
[White "Jorgensen, Carina Eilegaard"]
[Black "Kalashnikov, Alexey L"]
[Result "1-0"]
[WhiteElo "1977"]
[BlackElo "2209"]
[PlyCount "93"]
[EventDate "2009.03.13"]
[EventType "swiss (blitz)"]
[EventRounds "12"]
[EventCountry "ESP"]
[SourceTitle "CBM 129 Extra"]
[Source "ChessBase"]
[SourceDate "2009.05.05"]
[SourceVersion "2"]
[SourceVersionDate "2009.05.20"]
[SourceQuality "1"]

1. d4 Nf6 2. c4 g6 3. Nc3 d5 4. cxd5 Nxd5 5. Bd2 Bg7 6. e4 Nb6 7. Nf3 0-0 8. Be2 Bxd4 9. Nxd4 Qxd4 10. Bh6 Qxd1+ 11. Rxd1 Re8 12. Nb5 Na6 13. 0-0 Bd7 14. f4 Bxb5 15. Bxb5 c6 16. Be2 Nc5 17. e5 Nd5 18. Rd4 Ne6 19. Rd3 Nc5 20. Rd4 e6 21. a3 Rad8 22. Rfd1 Rd7 23. Bg5 Rc7 24. b4 Nd7 25. Bf3 Kg7 26. Kf2 h6 27. Bh4 f6 28. Bg3 f5 29. Bh4 b6 30. g4 c5 31. bxc5 bxc5 32. R4d3 c4 33. Rd4 c3 34. Bxd5 exd5 35. Rxd5 Nb6 36. Rd6 c2 37. Rc1 Rec8 38. Bf6+ Kf7 39. Bh4 Rc3 40. e6+ Ke8 41. e7 Rxa3 42. Rd8+ Rxd8 43. exd8Q+ Kf7 44. Qe7+ Kg8 45. Rxc2 Rf3+ 46. Kxf3 Nd7 47. Qxd7 1-0

[Event "Valby K41 Autumn-B"]
[Site "Valby"]
[Date "2007.10.30"]
[Round "7"]
[White "Nielsen, John Holm"]
[Black "Jorgensen, Carina Eilegaard"]
[Result "1-0"]
[WhiteElo "1883"]
[BlackElo "1780"]
[PlyCount "75"]
[EventDate "2007.09.11"]
[EventType "tourn"]
[EventRounds "7"]
[EventCountry "DEN"]
[SourceTitle "EXT 2023"]
[Source "ChessBase"]
[SourceDate "2022.10.05"]
[SourceVersion "1"]
[SourceVersionDate "2022.10.05"]
[SourceQuality "1"]

1. Nc3 d5 2. e4 dxe4 3. Nxe4 Nc6 4. Bc4 Bf5 5. Ng3 Bg6 6. Nf3 Nf6 7. d4 e6 8. 0-0 Be7 9. Bb5 0-0 10. Bxc6 bxc6 11. Ne5 c5 12. Nxg6 hxg6 13. dxc5 Bxc5 14. Bg5 Qb8 15. b3 Qb5 16. h4 Qc6 17. Qe2 a5 18. a4 Bb4 19. Rad1 Nd5 20. Rd4 Qb6 21. Rc4 f5 22. h5 gxh5 23. Nxh5 g6 24. Nf4 Nxf4 25. Bxf4 Rf7 26. Qf3 Ra7 27. Be3 c5 28. Bc1 Rfc7 29. Rd1 Kg7 30. Bb2+ Kg8 31. Rd8+ Kf7 32. Qh3 e5 33. Qh7+ Kf6 34. Qh8+ Rg7 35. f4 Ke6 36. Bxe5 Rad7 37. Rxd7 Rxd7 38. Qf6+ 1-0

[Event "Valby K41 Autumn-B"]
[Site "Valby"]
[Date "2007.10.23"]
[Round "6"]
[White "Jorgensen, Carina Eilegaard"]
[Black "Andersen, Rune Egede"]
[Result "0-1"]
[WhiteElo "1780"]
[BlackElo "1981"]
[PlyCount "68"]
[EventDate "2007.09.11"]
[EventType "tourn"]
[EventRounds "7"]
[EventCountry "DEN"]
[SourceTitle "EXT 2023"]
[Source "ChessBase"]
[SourceDate "2022.10.05"]
[SourceVersion "1"]
[SourceVersionDate "2022.10.05"]
[SourceQuality "1"]

1. f4 c5 2. Nf3 Nc6 3. g3 g6 4. e4 Bg7 5. Bg2 d5 6. e5 Nh6 7. 0-0 Bg4 8. h3 Bf5 9. g4 Be6 10. d4 Qb6 11. c3 0-0 12. Kh1 f6 13. b3 cxd4 14. cxd4 fxe5 15. fxe5 Rxf3 16. Bxf3 Qxd4 17. Qxd4 Nxd4 18. Bxh6 Bxh6 19. Nc3 Nxf3 20. Rxf3 d4 21. Nb5 Bd5 22. Nxd4 Be3 23. Rd1 Bxd4 24. Rxd4 Bxf3+ 25. Kh2 Bc6 26. e6 Rf8 27. Kg1 g5 28. Rd2 Kg7 29. h4 Rf4 30. hxg5 Rxg4+ 31. Kh2 Rxg5 32. Rf2 Rg2+ 33. Rxg2+ Bxg2 34. Kxg2 Kf6 0-1